TRANSPORT SYSTEM AND TRANSPORT POLICY / (Record no. 589471)

000 -LEADER
fixed length control field 00320nam a22001337a 4500
020 ## - INTERNATIONAL STANDARD BOOK NUMBER
Qualifying information PB.
040 ## - CATALOGING SOURCE
Transcribing agency FIZZA ISHAQ
082 ## - DEWEY DECIMAL CLASSIFICATION NUMBER
Classification number 388
Author Mark DAV
100 ## - MAIN ENTRY--PERSONAL NAME
Personal name BANISTER, DAVID.
9 (RLIN) 907
245 ## - TITLE STATEMENT
Title TRANSPORT SYSTEM AND TRANSPORT POLICY /
Statement of responsibility, etc. DAVID BANISTER.
260 ## - PUBLICATION, DISTRIBUTION, ETC.
Name of publisher, distributor, etc. ELGAR,
Date of publication, distribution, etc. 2013.
300 ## - PHYSICAL DESCRIPTION
Extent 399 P. ;
942 ## - ADDED ENTRY ELEMENTS (KOHA)
Source of classification or shelving scheme
Koha item type Book
Holdings
Withdrawn status Lost status Source of classification or shelving scheme Damaged status Not for loan Permanent Location Current Location Date acquired Total Checkouts Full call number Barcode Date last seen Price effective from Koha item type
          NUST Baluchistan Campus (NBC) NUST Baluchistan Campus (NBC) 04/28/2022   388 DAV Q-4196 04/28/2022 04/28/2022 Book
© 2023 Central Library, National University of Sciences and Technology. All Rights Reserved.